Healthcare safety for nursing personnel : (Record no. 23724)
[ view plain ]
| 000 -LEADER | |
|---|---|
| fixed length control field | 00767cam a22002295a 4500 |
| 001 - CONTROL NUMBER | |
| control field | 18456333 |
| 005 - DATE AND TIME OF LATEST TRANSACTION | |
| control field | 20161225111532.0 |
| 008 - FIXED-LENGTH DATA ELEMENTS--GENERAL INFORMATION | |
| fixed length control field | 150120t2015 flu frb 001 0 eng d |
| 020 ## - INTERNATIONAL STANDARD BOOK NUMBER | |
| International Standard Book Number | 9781482230277 |
| 040 ## - CATALOGING SOURCE | |
| Original cataloging agency | DNLM/DLC |
| Transcribing agency | DLC |
| Description conventions | rda |
| Modifying agency | DLC |
| -- | EG-ScBUE |
| Language of cataloging | eng |
| 082 04 - DEWEY DECIMAL CLASSIFICATION NUMBER | |
| Classification number | 610.730289 |
| Edition number | 22 |
| Item number | TWE |
| 100 1# - MAIN ENTRY--PERSONAL NAME | |
| Personal name | Tweedy, James T. |
| 245 10 - TITLE STATEMENT | |
| Title | Healthcare safety for nursing personnel : |
| Remainder of title | an organizational guide to achieving results / |
| Statement of responsibility, etc | James T. Tweedy. |
| 260 ## - PUBLICATION, DISTRIBUTION, ETC. (IMPRINT) | |
| Place of publication, distribution, etc | Boca Raton : |
| Name of publisher, distributor, etc | CRC Press / Taylor & Francis Group, |
| Date of publication, distribution, etc | c.2015. |
| 300 ## - PHYSICAL DESCRIPTION | |
| Extent | xxiii, 341 p. ; |
| Dimensions | 26 cm. |
| 500 ## - GENERAL NOTE | |
| General note | Index : p. 331-341. |
| 504 ## - BIBLIOGRAPHY, ETC. NOTE | |
| Bibliography, etc | Includes bibliographical references. |
| 650 #7 - SUBJECT ADDED ENTRY--TOPICAL TERM | |
| Topical term or geographic name as entry element | Nursing |
| Source of heading or term | BUEsh |
| General subdivision | Safety measures. |
| 651 ## - SUBJECT ADDED ENTRY--GEOGRAPHIC NAME | |
| Source of heading or term | BUEsh |
| 653 ## - INDEX TERM--UNCONTROLLED | |
| Resource For college | Nursing |
| Arrived date list | December2016 |
| 942 ## - ADDED ENTRY ELEMENTS (KOHA) | |
| Source of classification or shelving scheme | Dewey Decimal Classification |
| Withdrawn status | Item status | Source of classification or shelving scheme | Damaged status | Not for loan | Vendor | Home library | Current library | Shelving location | Date acquired | Source of acquisition | Cost, normal purchase price | Serial Enumeration / chronology | Total Checkouts | Total Renewals | Full call number | Barcode | Date last seen | Date last borrowed | Cost, replacement price | Koha item type |
|---|---|---|---|---|---|---|---|---|---|---|---|---|---|---|---|---|---|---|---|---|
| Dewey Decimal Classification | ايمك | Central Library | Central Library | First floor | 25/12/2016 | Purchase | 833.00 | 3397 | 2 | 4 | 610.730289 TWE | 000040571 | 15/07/2025 | 08/03/2020 | 1041.25 | Book - Borrowing | ||||
| Dewey Decimal Classification | ايمك | Central Library | Central Library | First floor | 25/12/2016 | Purchase | 833.00 | 3397 | 1 | 1 | 610.730289 TWE | 000040572 | 15/07/2025 | 24/02/2020 | 1041.25 | Book - Borrowing |